000 00485nam a2200181Ia 4500
001 23890
005 20260414151007.0
008 260414t2012||||xx |||||||||||||| ||spa||
041 _aESP
082 _a720.9
_bA45
100 _aAlonso Pereira, José Ramón
_eAUT
245 0 _aIntroducción a la historia de la arquitectura :
_bde los orígenes al siglo XXI
260 _c2012
300 _a378 páginas :
_c24 cm.
650 _aABD
654 _aCAU
942 _cLIB
_dJUS
_fJUS
_2ddc
_n
999 _c23890
_d23890